000 00500nam a22001937a 4500
003 OSt
005 20170518091929.0
008 160721b xxu||||| |||| 00| 0 eng d
020 _a1872748015
040 _ammu
_beng
_cmmu
_dmmu
050 _aSB727
_b.P471992
100 _aAyres, P.G
245 _aPest and Pathogens:
_b plant responses to foliar attack
_c P.G Ayres
260 _aUK
_b BIOS
_c 1992
300 _axii,203p
500 _aIncludes index
650 _apest
942 _2lcc
_cSHORTLOAN
999 _c620
_d620